| 000 | 00522nam a2200169 i 4500 | ||
|---|---|---|---|
| 001 | 85007 | ||
| 003 | ES-MaACL | ||
| 005 | 20251015063107.0 | ||
| 007 | t| | ||
| 008 | 041124s1949 sp ||||1| spa d | ||
| 100 | 0 |
_aJorro Beneyto, Jaime, _cConde de Altea _966962 |
|
| 245 | 1 | 0 |
_aHistoria del Palacio de Santa Cruz _b: 1629-1950 / _cJuan Bernia (seud.). |
| 260 |
_aMadrid : _b[s.n.], _c1949 ( _fBlass) |
||
| 300 |
_a224 p., 30 lám. ; _c28 cm. |
||
| 852 |
_aES-MaACL _jD-7095 _bR.29301 |
||
| 999 |
_c85007 _d85007 |
||